[Event "HUN-chT 2018-19"]
[Site "Szombathely"]
[Date "2019.04.27"]
[Round "8.15"]
[White "Kovacevic, Aleksandar"]
[Black "Ruck, Robert"]
[Result "1/2-1/2"]
[WhiteElo "2503"]
[BlackElo "2522"]
[Annotator "ChessBase"]
[PlyCount "29"]
[EventDate "2018.11.16"]
[EventType "team-tourn"]
[EventCountry "HUN"]
[SourceTitle "playchess.com"]
[Source "ChessBase"]
[SourceQuality "1"]

1. d4 Nf6 2. Nf3 g6 3. c4 Bg7 4. e3 O-O 5. Be2 d6 6. Nc3 Nbd7 7. O-O e5 8. Qc2 Re8 9. Rd1 exd4 10. Nxd4 Nc5 11. b3 c6 12. Bb2 Qe7 13. h3 Bd7 14. b4 Nce4 15. Nxe4 1/2-1/2

[Event "HUN-chT 2018-19"]
[Site "Szombathely"]
[Date "2019.04.27"]
[Round "8.16"]
[White "Polak, Tomas"]
[Black "Pham, Minh Hoang"]
[Result "*"]
[WhiteElo "2528"]
[BlackElo "2491"]
[Annotator "TA"]
[PlyCount "30"]
[EventDate "2018.11.16"]
[EventType "team-tourn"]
[EventCountry "HUN"]
[SourceTitle "playchess.com"]
[Source "ChessBase"]
[SourceQuality "1"]

{[%evp 9,30,13,29,26,36,36,43,39,39,50,49,38,93,46,67,44,58,41,54,13,77,75,119]} 1. d4 f5 2. Nc3 Nf6 3. Bg5 d5 4. f3 Nc6 5. Qd2 e6 (5... h6 $5 {[%cal Rh6g5]} 6. Bxf6 exf6 $11) (5... h6 6. Bxf6 exf6 7. e3 Be6 8. Bb5 Qd7 9. Nge2 a6 10. Ba4 O-O-O 11. a3 b5 12. Bb3 Na5 {½-½ (26) Kveinys,A (2509)-Pap,M (2493) Bad Woerishofen 2017}) 6. O-O-O {A80: Dutch Defence: Unusual White second moves} Be7 7. e3 O-O 8. Nh3 {White is slightly better.} a6 9. Nf4 $146 ({Predecessor:} 9. Nf2 b5 10. Nd3 Bd7 11. g3 b4 12. Ne2 a5 {0-1 (29) Danelia,M (2203)-Tabatadze,T (2390) Tbilisi 2010}) 9... b5 10. h4 Ne8 ({Better is} 10... b4 $14) 11. g4 fxg4 12. fxg4 Nd6 13. Bg2 Nc4 14. Qe2 {[%cal Rc3d5] aiming for Ncxd5!} Kh8 (14... Qd6 $11 {keeps the balance.}) 15. Rdf1 $16 Rb8 {Accuracy: White = 81%, Black = 40%.} *

[Event "HUN-chT 2018-19"]
[Site "Szombathely"]
[Date "2019.04.27"]
[Round "8.16"]
[White "Polak, Tomas"]
[Black "Hoang, Thanh Trang"]
[Result "1-0"]
[WhiteElo "2504"]
[BlackElo "2448"]
[Annotator "ChessBase"]
[PlyCount "101"]
[EventDate "2018.11.16"]
[EventType "team-tourn"]
[EventCountry "HUN"]
[SourceTitle "playchess.com"]
[Source "ChessBase"]
[SourceQuality "1"]

1. d4 f5 2. Nc3 Nf6 3. Bg5 d5 4. f3 Nc6 5. Qd2 e6 6. O-O-O Be7 7. e3 O-O 8. Nh3 a6 9. Nf4 b5 10. h4 Ne8 11. g4 fxg4 12. fxg4 Nd6 13. Bg2 Nc4 14. Qe2 Kh8 15. Rdf1 Rb8 16. Nd3 Rxf1+ 17. Rxf1 Bd7 18. Nc5 b4 19. N3e4 dxe4 20. Qxc4 Bxg5 21. hxg5 Na5 22. Qxa6 Bb5 23. Qxa5 Bxf1 24. Bxf1 Qxg5 25. Kd2 Qxg4 26. Qxc7 Rg8 27. Be2 Qf5 28. Qe7 g5 29. Qxe6 Qxe6 30. Nxe6 g4 31. Ke1 h5 32. Kf2 h4 33. Kg2 g3 34. Nf4 Rc8 35. Bd1 Ra8 36. Ng6+ Kh7 37. Nxh4 Rxa2 38. b3 Ra1 39. Bg4 Re1 40. Kxg3 Rxe3+ 41. Kf4 Re1 42. Nf5 Kg6 43. Ne3 Kf7 44. Kxe4 Ke7 45. d5 Kd6 46. Kd4 Kc7 47. Bf5 Re2 48. Nc4 Rf2 49. d6+ Kc6 50. Be4+ Kd7 51. Kc5 1-0

[Event "HUN-chT 2018-19"]
[Site "Szombathely"]
[Date "2019.04.27"]
[Round "8.17"]
[White "Flumbort, Andras"]
[Black "Kovacs, Gabor"]
[Result "1/2-1/2"]
[WhiteElo "2455"]
[BlackElo "2458"]
[Annotator "ChessBase"]
[PlyCount "39"]
[EventDate "2018.11.16"]
[EventType "team-tourn"]
[EventCountry "HUN"]
[SourceTitle "playchess.com"]
[Source "ChessBase"]
[SourceQuality "1"]

1. d4 d5 2. c4 e6 3. Nf3 Nf6 4. Nc3 Be7 5. Bg5 h6 6. Bh4 O-O 7. e3 b6 8. Bd3 Bb7 9. O-O Nbd7 10. Qe2 Ne4 11. Bxe7 Qxe7 12. cxd5 Nxc3 13. bxc3 Bxd5 14. a4 c5 15. a5 Rfc8 16. Ba6 Rc7 17. axb6 axb6 18. Bb5 Rca7 19. Rxa7 Rxa7 20. e4 1/2-1/2

[Event "HUN-chT 2018-19"]
[Site "Szombathely"]
[Date "2019.04.27"]
[Round "8.18"]
[White "Petenyi, Tamas"]
[Black "Popovics, Adam"]
[Result "1/2-1/2"]
[WhiteElo "2418"]
[BlackElo "2375"]
[Annotator "ChessBase"]
[PlyCount "44"]
[EventDate "2018.11.16"]
[EventType "team-tourn"]
[EventCountry "HUN"]
[SourceTitle "playchess.com"]
[Source "ChessBase"]
[SourceQuality "1"]

1. e4 c5 2. Nf3 e6 3. d4 cxd4 4. Nxd4 a6 5. Bd3 Bc5 6. Nb3 Be7 7. Qg4 g6 8. Qe2 d6 9. O-O Qc7 10. Nc3 Nd7 11. Bf4 Ngf6 12. h3 O-O 13. Bh2 Ne5 14. Kh1 b5 15. f4 Nxd3 16. cxd3 b4 17. Nd1 a5 18. Rc1 Qd7 19. Nd4 Ba6 20. Nc6 Rac8 21. Nxe7+ Qxe7 22. Nf2 Rxc1 1/2-1/2

[Event "HUN-chT 2018-19"]
[Site "Szombathely"]
[Date "2019.04.27"]
[Round "8.19"]
[White "Farago, Ivan"]
[Black "Csonka, Balazs"]
[Result "*"]
[WhiteElo "2367"]
[BlackElo "2455"]
[Annotator "ChessBase"]
[PlyCount "49"]
[EventDate "2018.11.16"]
[EventType "team-tourn"]
[EventCountry "HUN"]
[SourceTitle "playchess.com"]
[Source "ChessBase"]
[SourceQuality "1"]

1. d4 Nf6 2. c4 e6 3. Nf3 b6 4. g3 Ba6 5. Qa4 Bb7 6. Bg2 c5 7. dxc5 bxc5 8. O-O Be7 9. Nc3 O-O 10. Bf4 Qb6 11. Rfd1 Rd8 12. Rd2 d5 13. cxd5 exd5 14. Ne5 Nc6 15. Nxd5 Nxd5 16. Bxd5 Rxd5 17. Rxd5 Nd4 18. Rxd4 cxd4 19. Qb3 Qxb3 20. axb3 f6 21. Nc4 Be4 22. Bd6 Kf7 23. f3 Bd5 24. Bxe7 Kxe7 25. Kf2 *

[Event "HUN-chT 2018-19"]
[Site "Szombathely"]
[Date "2019.04.27"]
[Round "8.19"]
[White "Farago, Ivan"]
[Black "Csonka, Attila Istvan"]
[Result "1-0"]
[WhiteElo "2354"]
[BlackElo "2347"]
[Annotator "ChessBase"]
[PlyCount "66"]
[EventDate "2018.11.16"]
[EventType "team-tourn"]
[EventCountry "HUN"]
[SourceTitle "playchess.com"]
[Source "ChessBase"]
[SourceQuality "1"]

1. d4 Nf6 2. c4 e6 3. Nf3 b6 4. g3 Ba6 5. Qa4 Bb7 6. Bg2 c5 7. dxc5 bxc5 8. O-O Be7 9. Nc3 O-O 10. Bf4 Qb6 11. Rfd1 Rd8 12. Rd2 d5 13. cxd5 exd5 14. Ne5 Nc6 15. Nxd5 Nxd5 16. Bxd5 Rxd5 17. Rxd5 Nd4 18. Rxd4 cxd4 19. Qb3 Qxb3 20. axb3 f6 21. Nc4 Be4 22. Bd6 Kf7 23. f3 Bd5 24. Bxe7 Kxe7 25. Kf2 Ke8 26. Ke1 Rb8 27. Ra5 Be6 28. Rxa7 Rxb3 29. Nd6+ Kf8 30. Rb7 Rxb7 31. Nxb7 Bd5 32. Nd6 g6 33. Nb5 d3 1-0

[Event "HUN-chT 2018-19"]
[Site "Szombathely"]
[Date "2019.04.27"]
[Round "8.20"]
[White "Ugroczky, Peter"]
[Black "Tompa, Janos"]
[Result "1/2-1/2"]
[WhiteElo "2297"]
[BlackElo "2362"]
[Annotator "NA"]
[PlyCount "33"]
[EventDate "2018.11.16"]
[EventType "team-tourn"]
[EventCountry "HUN"]
[SourceTitle "playchess.com"]
[Source "ChessBase"]
[SourceQuality "1"]

1. e4 c5 2. Nf3 e6 3. d4 cxd4 4. Nxd4 Nc6 5. Nb5 d6 6. c4 Nf6 7. N1c3 a6 8. Na3 Be7 9. Be2 O-O 10. O-O Qc7 11. Be3 Ne5 12. f4 Ned7 13. Bf3 Rb8 14. Ba7 Ra8 15. Be3 Rb8 16. Ba7 Ra8 17. Be3 1/2-1/2

[Event "HUN-chT 2018-19"]
[Site "Szombathely"]
[Date "2019.04.27"]
[Round "8.21"]
[White "Balint, Vilmos"]
[Black "Sardy, Peter"]
[Result "0-1"]
[WhiteElo "2299"]
[BlackElo "2340"]
[Annotator "ChessBase"]
[PlyCount "142"]
[EventDate "2018.11.16"]
[EventType "team-tourn"]
[EventCountry "HUN"]
[SourceTitle "playchess.com"]
[Source "ChessBase"]
[SourceQuality "1"]

1. Nf3 d6 2. d4 Nf6 3. g3 g6 4. Bg2 Bg7 5. O-O O-O 6. c4 Bf5 7. Qb3 Qc8 8. Nc3 Nc6 9. d5 Na5 10. Qa4 b6 11. Be3 Bd7 12. Qb4 Ng4 13. Bg5 h6 14. Bd2 Kh7 15. h3 c5 16. dxc6 Nxc6 17. Qb3 Nf6 18. Nd5 Bxh3 19. Rac1 Qd7 20. Bc3 Bxg2 21. Kxg2 Na5 22. Qb5 Qg4 23. Nxe7 Nh5 24. Nd5 Rac8 25. Bxg7 Kxg7 26. Qb4 Nxc4 27. Qc3+ Ne5 28. Qa3 Nc4 29. Qc3+ Ne5 30. Qd2 Rc5 31. Rxc5 bxc5 32. Rh1 Nxf3 33. exf3 Qg5 34. f4 Qf5 35. Rd1 Re8 36. Qc3+ Kh7 37. Qf3 Nf6 38. Ne3 Qe6 39. f5 gxf5 40. Nxf5 d5 41. Rh1 Ng8 42. Rh4 d4 43. Nd6 Re7 44. Ne4 Qd5 45. Kh2 Re5 46. Qf4 Rh5 47. Rxh5 Qxh5+ 48. Kg1 Qd5 49. b3 a5 50. g4 Kg6 51. Kf1 d3 52. f3 Qd4 53. Qf5+ Kg7 54. Qxc5 Qa1+ 55. Kg2 Qxa2+ 56. Kg3 Qxb3 57. Qxa5 Qb8+ 58. Kh3 Qb2 59. Qd5 Qe2 60. Ng3 Nf6 61. Qb7 Qe5 62. Nf5+ Kg6 63. Qb4 h5 64. Nh4+ Kg7 65. Qd2 hxg4+ 66. fxg4 Ne4 67. Qe3 d2 68. Nf5+ Kg8 69. Qb6 Ng5+ 70. Kh4 Nf3+ 71. Kh5 Qh2+ 0-1

[Event "HUN-chT 2018-19"]
[Site "Szombathely"]
[Date "2019.04.27"]
[Round "8.22"]
[White "Pergel, Laszlo"]
[Black "Vegh, Endre"]
[Result "1/2-1/2"]
[WhiteElo "2248"]
[BlackElo "2274"]
[Annotator "ChessBase"]
[PlyCount "28"]
[EventDate "2018.11.16"]
[EventType "team-tourn"]
[EventCountry "HUN"]
[SourceTitle "playchess.com"]
[Source "ChessBase"]
[SourceQuality "1"]

1. e4 d6 2. d4 Nf6 3. Nc3 c6 4. Be2 Qa5 5. Qd3 Na6 6. Bf3 Nb4 7. Qd1 d5 8. Bd2 Qb6 9. Nge2 dxe4 10. Nxe4 Bf5 11. a3 Nxe4 12. axb4 e6 13. c3 Nxd2 14. Qxd2 Be7 1/2-1/2

[Event "HUN-chT 2018-19"]
[Site "Szombathely"]
[Date "2019.04.27"]
[Round "8.23"]
[White "Berczes, Csaba"]
[Black "Magyar, Andras"]
[Result "1/2-1/2"]
[WhiteElo "2341"]
[BlackElo "2288"]
[Annotator "ChessBase"]
[PlyCount "25"]
[EventDate "2018.11.16"]
[EventType "team-tourn"]
[EventCountry "HUN"]
[SourceTitle "playchess.com"]
[Source "ChessBase"]
[SourceQuality "1"]

1. Nf3 Nf6 2. g3 g6 3. Bg2 Bg7 4. c4 O-O 5. O-O d6 6. d4 Nc6 7. Nc3 a6 8. Qd3 Nd7 9. b3 Rb8 10. Bb2 b5 11. cxb5 axb5 12. Rac1 b4 13. Na4 1/2-1/2

[Event "HUN-chT 2018-19"]
[Site "Szombathely"]
[Date "2019.04.27"]
[Round "8.24"]
[White "Gombocz, Zsolt"]
[Black "Kokeny, Norbert Adrian"]
[Result "*"]
[WhiteElo "2090"]
[BlackElo "2258"]
[Annotator "NA"]
[PlyCount "46"]
[EventDate "2018.11.16"]
[EventType "team-tourn"]
[EventCountry "HUN"]
[SourceTitle "playchess.com"]
[Source "ChessBase"]
[SourceQuality "1"]

1. e4 c5 2. Nf3 e6 3. Nc3 a6 4. g3 b5 5. d4 cxd4 6. Nxd4 Bb7 7. Bg2 Nf6 8. Qe2 Qc7 {B43: Sicilian: Kan Variation: 5 Nc3} 9. O-O d6 10. a3 Be7 11. Be3 (11. f4 O-O 12. Be3 Nc6 13. Rad1 Rac8 14. Nxc6 Bxc6 15. Bd4 Rfe8 16. f5 e5 {0-1 (40) Rasulov,V (2504)-Mirzoev,A (2553) Urmia 2015}) 11... Nbd7 12. f4 Rc8 13. Rae1 Qc4 14. Bf2 $146 ({Predecessor:} 14. Qd1 g6 15. Nb3 Ba8 16. Rf2 {0-1 (60) Miturova,M (2188)-Zimina,O (2385) Balatonszarszo 2017}) 14... Qxe2 15. Rxe2 g6 16. Nb3 Ng4 17. Rd1 Nxf2 18. Kxf2 Nb6 19. Na5 Ba8 20. Rd3 O-O $15 21. e5 d5 22. Na2 Na4 23. b4 Bd8 *

[Event "HUN-chT 2018-19"]
[Site "Szombathely"]
[Date "2019.04.27"]
[Round "8.24"]
[White "Gombocz, Zsofia"]
[Black "Kokeny, Norbert Adrian"]
[Result "0-1"]
[WhiteElo "2000"]
[BlackElo "2279"]
[Annotator "ChessBase"]
[PlyCount "86"]
[EventDate "2018.11.16"]
[EventType "team-tourn"]
[EventCountry "HUN"]
[SourceTitle "playchess.com"]
[Source "ChessBase"]
[SourceQuality "1"]

1. e4 c5 2. Nf3 e6 3. Nc3 a6 4. g3 b5 5. d4 cxd4 6. Nxd4 Bb7 7. Bg2 Nf6 8. Qe2 Qc7 9. O-O d6 10. a3 Be7 11. Be3 Nbd7 12. f4 Rc8 13. Rae1 Qc4 14. Bf2 Qxe2 15. Rxe2 g6 16. Nb3 Ng4 17. Rd1 Nxf2 18. Kxf2 Nb6 19. Na5 Ba8 20. Rd3 O-O 21. e5 d5 22. Na2 Na4 23. b4 Bd8 24. Nb3 Nb2 25. Rdd2 Nc4 26. Rd3 Bb6+ 27. Nd4 Nb2 28. Rdd2 Rc4 29. c3 Na4 30. Ke3 Rfc8 31. Rd3 Nxc3 32. Nxc3 Rxd4 33. Kd2 Rdc4 34. Bf1 d4 35. Nd1 a5 36. Rb3 Bd5 37. Rb2 Rc3 38. Ke1 Rxa3 39. Rec2 Rxc2 40. Rxc2 axb4 41. Bxb5 b3 42. Rb2 Ba5+ 43. Ke2 Bc3 0-1

[Event "HUN-chT 2018-19"]
[Site "Szombathely"]
[Date "2019.04.27"]
[Round "8.25"]
[White "Tesik, Csaba"]
[Black "Mihok, Oliver"]
[Result "0-1"]
[WhiteElo "2317"]
[BlackElo "2546"]
[Annotator "TA"]
[PlyCount "74"]
[EventDate "2018.11.16"]
[EventType "team-tourn"]
[EventCountry "HUN"]
[SourceTitle "playchess.com"]
[Source "ChessBase"]
[SourceQuality "1"]

{[%evp 20,74,22,26,39,-47,-60,-31,19,22,28,38,44,-14,-3,-9,-11,-38,-41,-149,-126,-127,-123,-119,-107,-100,-72,-113,-113,-103,-108,-103,-56,-120,-93,-122,-120,-112,-33,-42,-32,-31,0,0,0,0,0,-51,-55,-80,-85,-73,-63,-67,-72,-1135,-1125]} 1. e4 c5 2. Nf3 e6 3. d4 cxd4 4. Nxd4 Nc6 5. Nc3 Qc7 6. Be2 a6 7. O-O Nf6 8. Be3 Bb4 9. Nxc6 bxc6 10. Qd4 c5 11. Qc4 O-O {B49: Sicilian: Taimanov: 5 Nc3 Qc7 6 Be3 a6 7 Be2} 12. Rad1 $146 (12. Na4 $14) ({Predecessor:} 12. Na4 d6 13. a3 Bd7 14. e5 Bb5 15. Qh4 dxe5 16. axb4 Bxe2 17. Rfe1 Bb5 18. Nxc5 Nd7 19. c4 {1-0 (31) Wei,Y (2725)-Karthikeyan,M (2578) Liaocheng 2017}) 12... Bb7 $15 13. Bf3 Rfc8 {Black is slightly better.} (13... Bxc3 $5 14. bxc3 d5 15. exd5 Bxd5 16. Bxd5 (16. Qxc5 Qxc5 17. Bxc5 Bxf3 $17) 16... Nxd5 $11) 14. Ne2 h6 15. Bf4 e5 16. Bg3 (16. Bc1 $14) 16... d6 17. c3 Ba5 18. Bh4 {[#] Bxf6 is the strong threat.} g5 $1 {[%cal Rg5h4]} 19. Ng3 (19. Bg3 $15) 19... gxh4 $17 20. Nf5 Rd8 21. Nxh6+ Kf8 22. Qe2 Ng8 23. Qe3 f6 24. Nf5 Bc8 25. Nxh4 Qg7 26. g3 (26. Bh5 $15 Qh6 27. Qe2) 26... Rb8 27. Rd2 Be6 28. Qe2 c4 (28... Bc7 $17 29. Rfd1 Bxa2) 29. Rfd1 $15 Bc7 30. Nf5 Bxf5 31. exf5 Ne7 32. Qxc4 {[%mdl 64] Double Attack} Nxf5 33. Be4 ({White should play} 33. Qxa6 $11 Ne7 34. Qc4) 33... Nh6 $1 34. Qxa6 {[#]} f5 $1 $36 {[%cal Rf5e4][%mdl 2048] White is under strong pressure.} 35. Bd5 Bb6 {And now ...Ng4 would win.} 36. Kg2 Ng4 {Strongly threatening ...Qh6.} 37. Rf1 $2 {[%mdl 8192]} (37. Bb3 $17) 37... Qh6 {[%mdl 64] Double Attack. Accuracy: White = 38%, Black = 56%.} 0-1

[Event "HUN-chT 2018-19"]
[Site "Szombathely"]
[Date "2019.04.27"]
[Round "8.26"]
[White "Popovic, Dusan"]
[Black "Nagy, Daniel"]
[Result "1-0"]
[WhiteElo "2510"]
[BlackElo "2353"]
[Annotator "TA"]
[PlyCount "67"]
[EventDate "2018.11.16"]
[EventType "team-tourn"]
[EventCountry "HUN"]
[SourceTitle "playchess.com"]
[Source "ChessBase"]
[SourceQuality "1"]

{[%evp 10,67,22,19,30,25,39,6,16,27,40,10,28,26,32,7,10,0,17,20,14,30,9,15,29,-1,9,14,24,0,0,0,0,0,0,0,3,10,15,19,54,46,43,-44,50,-142,434,359,314,381,852,856,856,856,846,831,895,820,895,888]} 1. e4 c6 2. d4 d5 3. e5 Bf5 4. Nd2 e6 5. Nb3 Nd7 6. Nf3 Ne7 {B12: Caro-Kann: Advance Variation} 7. Be2 c5 8. dxc5 a6 {The position is equal.} 9. O-O Be4 $146 ({Predecessor:} 9... Nc6 10. Nbd4 Bg4 11. c4 Bxc5 12. cxd5 Nxd4 13. Nxd4 Bxe2 14. Nxe2 Nxe5 {1-0 (48) Zvjaginsev,V (2641)-Sargissian,G (2442) Ubeda 2000}) 10. c4 (10. Ng5 {looks sharper.} Bg6 11. f4 Qc7 12. Be3 Nf5 13. Bf2) 10... Bxf3 (10... Nc6 {is more complex.} 11. Bf4 Be7 12. Rc1 a5 13. Nbd4 O-O) 11. Bxf3 {[%cal Rc4d5]} Nxe5 12. cxd5 Nxf3+ 13. Qxf3 {Threatens to win with dxe6.} Qxd5 14. Qe2 Nf5 15. Rd1 Qc6 16. Be3 Be7 17. Rac1 (17. Na5 $5 {[%cal Ra5c6]} Qe4 18. Rac1 $11) 17... a5 (17... Qb5 {is interesting.} 18. Rc2 Qxe2 19. Rxe2 Nxe3 20. Rxe3 Rc8) 18. Bd2 Bd8 19. Bf4 O-O $1 $40 {[%mdl 128] Black has some attack.} 20. Nd4 Nxd4 21. Rxd4 Be7 22. Bd6 Rfd8 {[%cal Re7d6]} 23. Rcd1 Bf6 24. Rf4 b6 25. Rxf6 $1 gxf6 26. Qg4+ Kh8 {[#] Strongly threatening ...Rg8.} 27. Qf4 $2 {[#]} (27. Qd4 $1 $14 {[%mdl 512] stays ahead.} e5 28. Qh4) 27... Kg7 $2 {[%mdl 8192]} (27... Qxc5 $1 $17 {[%mdl 512] keeps the pressure on. Hoping for ...Qg5.} 28. Qxf6+ (28. Bxc5 Rxd1#) 28... Kg8) 28. Rd3 $18 {White wants to mate with Rg3+.} Rxd6 29. cxd6 {KQR-KQR} ({Not} 29. Qxd6 Qxc5 30. Rg3+ Kh8 $15) 29... Rd8 $2 (29... Qc2 30. Rg3+ Kf8) 30. h3 {White is clearly winning.} Kf8 31. Qxf6 {[%cal Rf6h8]} Rxd6 {[#]} 32. Rc3 $1 Rd1+ 33. Kh2 Qd6+ 34. f4 {Accuracy: White = 58%, Black = 46%.} 1-0

[Event "HUN-chT 2018-19"]
[Site "Szombathely"]
[Date "2019.04.27"]
[Round "8.27"]
[White "Csizmadia, Laszlo"]
[Black "Sipos, Istvan"]
[Result "0-1"]
[WhiteElo "2382"]
[BlackElo "2492"]
[Annotator "TA"]
[PlyCount "92"]
[EventDate "2018.11.16"]
[EventType "team-tourn"]
[EventCountry "HUN"]
[SourceTitle "playchess.com"]
[Source "ChessBase"]
[SourceQuality "1"]

{[%evp 12,92,49,46,35,32,43,51,45,9,16,12,31,19,93,47,63,59,66,0,0,0,-2,-18,-7,-34,-33,-84,-25,-34,-22,-8,-10,-35,-39,-43,-26,-33,0,0,0,-18,-2,-17,-27,-58,-62,-70,-56,-58,-68,-79,-66,-116,-94,-122,-135,-158,-84,-89,-70,-77,-97,-108,-115,-101,-116,-103,-108,-291,-281,-375,-352,-384,-376,-558,-510,-632,-621,-617,-614,-593,-589]} 1. d4 e6 2. c4 Nf6 3. Nc3 c5 4. d5 exd5 5. cxd5 g6 6. e4 d6 7. Be2 Bg7 {A65: Modern Benoni: 6 e4} 8. Nf3 a6 (8... O-O 9. O-O Re8 10. Nd2 Nbd7 11. a4 Ne5 12. Re1 a6 13. Nf1 Nfg4 14. f3 Nh6 15. Be3 f5 16. Qd2 Nef7 17. Bd3 fxe4 18. Bxe4 Bd7 19. h3 b5 20. axb5 axb5 21. Rxa8 Qxa8 {0-1 (40) Kozul,Z (2597)-Yilmaz,M (2621) Sarajevo 2018}) 9. a4 Bg4 {White is slightly better.} 10. Nd2 (10. Bg5 {is interesting.} O-O 11. O-O h6 12. Bf4 Qe7 13. h3) 10... Bxe2 11. Qxe2 O-O 12. Nc4 Re8 (12... Nbd7 $11) 13. Bg5 Qc7 14. O-O Nbd7 15. Rfe1 $146 ({White should try} 15. Bf4 $14) ({Predecessor:} 15. Bf4 Ne5 16. Nxe5 dxe5 17. Be3 Bf8 18. f4 Bd6 19. f5 Kg7 20. Qf3 Be7 21. Qh3 Ng8 22. fxg6 fxg6 23. Rf7+ Kxf7 24. Qxh7+ {1-0 (25) Karl,H (2145)-Goris,T (2010) Triesen 2013}) 15... Nb6 $11 16. Nxb6 Qxb6 17. Qd2 Qb4 {[%cal Rf6e4]} 18. f3 Nd7 19. Nd1 (19. a5 $15) 19... Rac8 (19... f5 $17 {[%cal Rf5e4]} 20. Nc3 Ne5) 20. Re2 f5 21. Nc3 Qd4+ 22. Be3 Qxd2 23. Bxd2 Bd4+ 24. Kf1 $1 Nf6 25. exf5 gxf5 26. Rae1 (26. Re6 {feels hotter.} Rxe6 27. dxe6 Kf8 28. Re1 Ke7 29. h4) 26... Rxe2 27. Rxe2 (27. Nxe2 {looks sharper.} Bxb2 28. Rb1 Be5 29. f4 Bd4 30. Rxb7 Nxd5 31. Nxd4 cxd4 32. Ke2) 27... Be5 28. Be1 Kf7 29. Rd2 Rg8 30. g3 Rb8 31. Ne2 Nd7 32. f4 Bg7 33. Ng1 b5 34. a5 Nf6 (34... b4 $142 $1 35. Nf3 c4) 35. Nf3 $17 Ne4 36. Re2 {[#] Threatening Nh4.} Bf6 $1 37. h3 h5 38. g4 hxg4 39. hxg4 fxg4 {[#]} 40. Nh2 $2 (40. Ne5+ $1 $17 {[%mdl 512]} dxe5 41. Rxe4 exf4 42. Rxf4) 40... g3 $19 41. Ng4 Re8 42. Kg2 Bd4 43. b3 (43. Kf3 $142 Nf6 44. Rxe8 Nxe8 45. b4) 43... b4 {Black is clearly winning.} 44. Ne5+ Bxe5 ({Less strong is} 44... dxe5 45. Rxe4 exf4 46. Rxf4+ Ke7 47. Bxb4 $19) 45. fxe5 Rxe5 46. Re3 Kf6 {Accuracy: White = 39%, Black = 63%.} 0-1

[Event "HUN-chT 2018-19"]
[Site "Szombathely"]
[Date "2019.04.27"]
[Round "8.28"]
[White "Csonka, Balazs"]
[Black "Szajbely, Zsigmond"]
[Result "1-0"]
[WhiteElo "2455"]
[BlackElo "2297"]
[Annotator "ChessBase"]
[PlyCount "41"]
[EventDate "2018.11.16"]
[EventType "team-tourn"]
[EventCountry "HUN"]
[SourceTitle "playchess.com"]
[Source "ChessBase"]
[SourceQuality "1"]

1. e4 c5 2. Nf3 d6 3. Bb5+ Nc6 4. O-O a6 5. Bxc6+ bxc6 6. e5 d5 7. d3 Rb8 8. Nc3 h6 9. Na4 Qa5 10. b3 e6 11. Ba3 Bd7 12. c4 g5 13. Qe1 Rb4 14. Bxb4 cxb4 15. a3 dxc4 16. dxc4 g4 17. Nd4 Bg7 18. axb4 Qxe5 19. Qxe5 Bxe5 20. Rfd1 Ne7 21. Nb6 1-0